Districts of Assam - Statistics

General Stats
  • This quiz has been taken 64 times
  • The average score is 22 of 35
Answer Stats
Answer % Correct
Kamrup
82%
Dibrugarh
79%
Hailakandi
79%
Karimganj
79%
Kamrup Metro
75%
Goalpara
71%
Karbi Anglong
71%
Nagaon
71%
Tinsukia
71%
Dhemaji
68%
Golaghat
68%
Jorhat
68%
Kokrajhar
68%
Barpeta
64%
Cachar
64%
Dhubri
64%
Sivasagar
64%
Sonitpur
64%
West Karbi Anglong
64%
Chirang
61%
Lakhimpur
61%
Majuli
61%
Morigaon
61%
Nalbari
61%
Baksa
57%
Biswanath
57%
Bongaigaon
57%
Darrang
57%
Dima Hasao
57%
Udalguri
57%
Charaideo
54%
Hojai
54%
Bajali
46%
Tamulpur
32%
South Salmara Mancachar
18%
No matching quizzes found
Score Distribution
Percent of People with Each Score
Percentile by Number Answered
Your Score History
You have not taken this quiz